Nueva paz: imperialismo o democracia. Notas sobre Rusia
Guardat en:
| Autor principal: | |
|---|---|
| Format: | Llibre |
| Idioma: | espanyol |
| Publicat: |
Santiago
Universo
1947
|
| Col·lecció: | Comisión Sudamericana de Paz. Documento de Trabajo,
|
| Matèries: | |
| Etiquetes: |
Afegir etiqueta
Sense etiquetes, Sigues el primer a etiquetar aquest registre!
|
MARC
| LEADER | 00000nam a2200000 a 4500 | ||
|---|---|---|---|
| 001 | UCP8937 | ||
| 003 | CL-VaPUC | ||
| 008 | 000317e19470000CL |||||||||||||||||spa|d | ||
| 082 | 0 | 4 | |a 327.47 |b HUN |2 21 |
| 100 | |a Huneeus Gana, Antonio |e author |9 439212 | ||
| 245 | 1 | 0 | |a Nueva paz: imperialismo o democracia. Notas sobre Rusia |
| 300 | |a v | ||
| 942 | |c BK | ||
| 945 | |d 20000317 00:00:00 |a crobeson | ||
| 260 | |a Santiago |b Universo |c 1947 | ||
| 650 | 0 | |a Relaciones Internacionales |9 255740 | |
| 650 | 0 | |a Política exterior |9 316628 | |
| 650 | 7 | |a PNAMERICANISMO |2 CL-VaPUC |9 439213 | |
| 650 | 7 | |a POST GUERRA |2 CL-VaPUC |9 409509 | |
| 583 | |a last modification |c 20000317 00:00:00 |k Rodrigo Vera | ||
| 490 | 0 | |a Comisión Sudamericana de Paz. Documento de Trabajo, | |
| 999 | |c 285793 |d 285791 | ||
| 952 | |0 0 |1 0 |4 0 |6 327_470000000000000_HUN_1947 |7 0 |8 X |9 330576 |a BIBHIS |b BIBHIS |d 2019-11-20 |h v.2 |i 1391844 |o 327.47 HUN 1947 |p 1391844 |r 2024-01-30 |w 2019-11-20 |y BK_X |k HIS | ||